h1

h2

h3

h4

h5
h6
000850708 001__ 850708
000850708 005__ 20230812040207.0
000850708 0247_ $$2I:(DE-82)080006_20140620$$aG:(DE-82)EXS-SF-SFDdM013$$dG:(DE-82)EXS-SF
000850708 035__ $$aG:(DE-82)EXS-SF-SFDdM013
000850708 150__ $$aCan artificial intelligence help to decode human pain signaling?$$y2021-11-01 - 2022-10-31
000850708 450__ $$aSFDdM013$$wd
000850708 5101_ $$0I:(DE-82)080006_20140620$$aExploratory Research Space der RWTH Aachen$$bERS
000850708 550__ $$0G:(DE-82)EXS-SF$$aExploratory Research Space: Seed Fund (2) als Anschubfinanzierung zur Erforschung neuer interdisziplinärer Ideen$$wt
000850708 909CO $$ooai:juser.fz-juelich.de:909050$$pauthority$$pauthority:GRANT
000850708 909CO $$ooai:juser.fz-juelich.de:909050
000850708 980__ $$aG
000850708 980__ $$aAUTHORITY